|
|
|
|
| LEADER |
00840nab a2200217 i 4500 |
| 001 |
acta86620 |
| 005 |
20250214112018.0 |
| 008 |
250214s2021 hu o 000 hun d |
| 022 |
|
|
|a 2560-1911
|
| 040 |
|
|
|a SZTE Egyetemi Kiadványok Repozitórium
|b hun
|
| 041 |
|
|
|a hun
|
| 100 |
1 |
|
|a Héjja Dorina
|
| 245 |
1 |
0 |
|a Jogi oktatás az Amerikai Egyesült Államokban
|h [elektronikus dokumentum] /
|c Héjja Dorina
|
| 260 |
|
|
|a Szegedi Tudományegyetem, Állam- és Jogtudományi Kar, Összehasonlító Jogi és Jogelméleti Intézet
|b Szeged
|c 2021
|
| 300 |
|
|
|a 7
|
| 490 |
0 |
|
|a Comparative Law Working Papers
|v 5 No. 2
|
| 650 |
|
4 |
|a Társadalomtudományok
|
| 650 |
|
4 |
|a Oktatástudomány
|
| 650 |
|
4 |
|a Jogtudomány
|
| 695 |
|
|
|a Felsőoktatás - jogi - USA
|
| 856 |
4 |
0 |
|u http://acta.bibl.u-szeged.hu/86620/1/comparative_law_2021_002_007.pdf
|z Dokumentum-elérés
|